Gaming Quiz

Random Gaming or Board Games Quiz

Board Game Pieces Quiz Stats

 Plays Quiz Updated Sep 23, 2016

Challenge
Share
Tweet
Score 0/16 Timer 05:00
0 Plays Today
% Correct
Chess
97.8%
Monopoly
96.3%
Scrabble
95.2%
Dominoes
94.7%
Battleship
94.6%
Cluedo
90.5%
Checkers
84.2%
The Game of LIFE
83.9%
% Correct
Trivial Pursuit
79.7%
Sorry
78.4%
Risk
75.4%
Mahjong
67.9%
Boggle
57.8%
Stratego
49%
Cribbage
28.1%
Perfection
23.3%

You're not logged in!

Compare scores with friends on all Sporcle quizzes.
Join for Free
OR
Log In

You Might Also Like...

Show Comments

Extras

Top Quizzes Today


Score Distribution

Your Account Isn't Verified!

In order to create a playlist on Sporcle, you need to verify the email address you used during registration. Go to your Sporcle Settings to finish the process.

Report this User

Report this user for behavior that violates our Community Guidelines.

Details: